000 00613nam a2200205Ia 4500
003 GCL
008 140319s9999 xx 000 0 ara d
040 _aGCL /
_cGCL
082 0 4 _a415.2
_bع ا
100 1 _aعبدالقادر المهيرى
245 1 0 _aاعلام واثار من التراث اللغوى /
_cعبدالقادر المهيرى
260 _a[S.N] :
_bدار الجنوب للنشر ،
_c1993
300 _a165 ص
490 _aمفاتيح
_v0
650 0 4 _aتاريخ
650 0 4 _aالنحو
650 0 4 _aاللغة العربية
650 0 4 _aاللغويون
942 _2ddc
_cBK
999 _c35437
_d35437